Tajwan - Podział administracyjny Tajwanu - Mapa - Statystyki

Ogólne statystyki
  • Ten quiz został rozwiązany 131 razy
  • Średni wynik to 6 z 22
Odpowiedzi na mapie
Odpowiedzi zakodowano w zielono-czerwonej skali na mapie do tego quizu, zgodnie z poniższymi procentami.
 
Statystyki odpowiedzi
Odpowiedź % Poprawnych
Tajpej
95%
Nowe Tajpej
36%
Tainan
30%
Hualian
25%
Kinmen
25%
Lianjiang / Mazu
25%
Miaoli
25%
Peskadory
25%
Taoyuan
25%
Yilan
25%
Kaohsiung
23%
Keelung
23%
Nantou
23%
Pingdong
23%
Xinzhu
23%
Xinzhu
23%
Jiayi
20%
Jiayi
20%
Taidong
20%
Taizhong
20%
Yunlin
20%
Zhanghua
20%
Nie znaleziono quizów pasujących do podanych kryteriów
Rozkład punktacji
Procent ludzi z każdym wynikiem
Percentyl według liczby udzielonych odpowiedzi
Twoja historia wyników
Nie rozwiązałeś tego quizu